| 000 | 01090cam a2200217 4500 | ||
|---|---|---|---|
| 001 | WB@3612-383 | ||
| 008 | 041026n2004 000 0 eng u | ||
| 035 | _a(Sirsi) u127826 | ||
| 245 | _aWelsh Assembly criticised | ||
| 260 | _c2004 | ||
| 490 |
_aInside Housing _v(21)42 22 October 2004, 8(1) |
||
| 520 | _aA report by the Joseph Rowntree Foundation has found that the Welsh Assembly should do more to improve the quality of private sector homes and reduce poverty among home owners. "Low-income homeowners in Wales" suggests that the assembly could increase the take up of tax credits for working people. It could also review its policy on distribution of home improvement grants to assess whether it will meet the government's target of halving the number of private sector homes in disrepair by 2005. To view the report go to: http://www.jrf.org.uk/bookshop/details.asp?pubID=6 34. | ||
| 590 | _aWB | ||
| 590 | _aWB | ||
| 650 | _aHOUSING POLICY | ||
| 650 | _aHOUSING CONDITIONS | ||
| 650 | _aLOW INCOME HOUSEHOLDS | ||
| 650 | _aWALES | ||
| 690 | _aHOUSING | ||
| 942 | _n0 | ||
| 999 |
_c118226 _d118226 |
||